000 00559nam a2200181Ia 4500
001 19601
005 20260306172705.0
008 260306t2017||||xx |||||||||||||| ||spa||
041 _aESP
082 _a340.7
_bE373 Nº 26
100 _aKresalja Rosselló, Baldo
_eAUT
245 0 _aLas creaciones industriales y su protección jurídica:
_bpatentes de invención, modelos de utilidad, diseños industriales y secretos empresariales
260 _c2017
300 _a198 páginas :
_c20 cm.
650 _aGEN
654 _aCDE
942 _cLIB
_dJUS
_fJUS
_2ddc
_n
999 _c19601
_d19601